|
|
|
|
| LEADER |
00000cas a2200000 a 4500 |
| 001 |
vtls001309154 |
| 003 |
SK-MaSNL |
| 005 |
20260228155645.0 |
| 008 |
180126d19uu1991xxumr 0 0 0cze c |
| 035 |
|
|
|a SNK000261478
|
| 040 |
|
|
|a SNK
|b slo
|c SNK
|e AACR2
|
| 041 |
0 |
|
|a cze
|
| 044 |
|
|
|a xxu
|c US
|
| 245 |
0 |
0 |
|a Věstník Československé národní rady americké
|
| 260 |
|
|
|a Chicago
|b Czechoslovak National Council of America
|c [19--]-1991
|
| 300 |
|
|
|a zv.
|c 27 cm
|
| 310 |
|
|
|a 1x mesačne
|
| 362 |
|
|
|a [Č. 1 (19--)]-č. 413 (1991)
|
| 655 |
|
7 |
|a vestníky
|2 SNKPH
|9 70701
|
| 910 |
|
|
|a snk
|
| 999 |
|
|
|c 94
|d 94
|
| 952 |
|
|
|0 0
|1 1
|4 0
|7 0
|a SNK
|b SNK
|d 1997-11-05
|l 0
|o snkČB 3495/1969
|p 17A0106813
|r 2005-01-02 00:00:00
|w 2026-02-21
|y PREZ
|
| 952 |
|
|
|0 0
|1 1
|4 0
|7 0
|8 1
|a SNK
|b SNK
|d 2002-01-23
|i snkD 52/2002
|l 0
|o snkČB 3495/1989
|p 17A0328733
|r 2005-01-02 00:00:00
|w 2026-02-21
|y PREZ
|